000 00661nam a2200193 a 4500
001 000006824
005 20200929154013.0
008 090903s1985 dr a 000 0 spa d
040 _aDO-SdBNP
_bspa
_cBNPHU
082 _axxx
_bS588m
100 1 _aSimó, Dennis R.
_914023
245 1 0 _aManual programa de visitas a los clientes de un banco /
_cDennis R. Simó.
260 _aSanto Domingo :
_bCentro de Estudios Monetarios y Bancarios,
_c1985.
300 _a73 p. :
_bil. ;
_c22 cm.
490 1 _aGeneral
500 _aIncluye datos biográficos del autor en la contraportada
504 _aIncluye referencias bibliográficas (p. 73)
830 0 _aGeneral
_918968
999 _c6612
_d6612